Advanced Level Physics, (Record no. 329481)
[ view plain ]
| 000 -LEADER | |
|---|---|
| fixed length control field | 00856cam a2200289 4500 |
| 001 - CONTROL NUMBER | |
| control field | 1557028 |
| 003 - CONTROL NUMBER IDENTIFIER | |
| control field | NUST |
| 005 - DATE AND TIME OF LATEST TRANSACTION | |
| control field | 20170509125643.0 |
| 008 - FIXED-LENGTH DATA ELEMENTS--GENERAL INFORMATION | |
| fixed length control field | 750411s1958 xx 000 0 eng d |
| 015 ## - NATIONAL BIBLIOGRAPHY NUMBER | |
| National bibliography number | GB58-8634 |
| 020 ## - INTERNATIONAL STANDARD BOOK NUMBER | |
| International Standard Book Number | 0435686666 |
| 029 1# - OTHER SYSTEM CONTROL NUMBER (OCLC) | |
| OCLC library identifier | UKM |
| System control number | b5808634 |
| 035 ## - SYSTEM CONTROL NUMBER | |
| System control number | (OCoLC)ocm01269652 |
| 035 ## - SYSTEM CONTROL NUMBER | |
| System control number | (NNC)1557028 |
| 040 ## - CATALOGING SOURCE | |
| Original cataloging agency | GAT |
| Transcribing agency | GAT |
| Modifying agency | UKM |
| 082 04 - DEWEY DECIMAL CLASSIFICATION NUMBER | |
| Classification number | 530 NEL |
| Edition number | 18 |
| 090 ## - LOCALLY ASSIGNED LC-TYPE CALL NUMBER (OCLC); LOCAL CALL NUMBER (RLIN) | |
| Classification number (OCLC) (R) ; Classification number, CALL (RLIN) (NR) | QC21 |
| Local cutter number (OCLC) ; Book number/undivided call number, CALL (RLIN) | .N38x |
| 100 1# - MAIN ENTRY--PERSONAL NAME | |
| Personal name | Nelkon, Michael. |
| 9 (RLIN) | 193 |
| 245 10 - TITLE STATEMENT | |
| Title | Advanced Level Physics, |
| Statement of responsibility, etc. | by M. Nelkon and P. Parker. |
| 250 ## - EDITION STATEMENT | |
| Edition statement | 5th ed. |
| 260 ## - PUBLICATION, DISTRIBUTION, ETC. | |
| Place of publication, distribution, etc. | Melbourne, |
| Name of publisher, distributor, etc. | Heinemann |
| Date of publication, distribution, etc. | 1982 |
| 300 ## - PHYSICAL DESCRIPTION | |
| Extent | 948 p. |
| Other physical details | illus., tables. |
| Dimensions | 23 cm. |
| 500 ## - GENERAL NOTE | |
| General note | P.B |
| 650 #0 - SUBJECT ADDED ENTRY--TOPICAL TERM | |
| Topical term or geographic name entry element | Physics. |
| 9 (RLIN) | 190 |
| 700 1# - ADDED ENTRY--PERSONAL NAME | |
| Personal name | Parker, P. |
| Fuller form of name | (Philip), |
| Relator term | author. |
| 9 (RLIN) | 194 |
| 942 ## - ADDED ENTRY ELEMENTS (KOHA) | |
| Source of classification or shelving scheme | |
| Koha item type | Book |
| Call number prefix | 530 NEL |
| Withdrawn status | Lost status | Source of classification or shelving scheme | Damaged status | Not for loan | Collection code | Permanent Location | Current Location | Shelving location | Date acquired | Total Checkouts | Full call number | Barcode | Date last seen | Price effective from | Koha item type |
|---|---|---|---|---|---|---|---|---|---|---|---|---|---|---|---|
| Institute of Environmental Science and Engineering (IESE) | Institute of Environmental Science and Engineering (IESE) | General Stacks | 05/09/2017 | 530 NEL | IESE-557 | 05/09/2017 | 05/09/2017 | Book |
